I will not let time sleep / (Record no. 18017)

MARC details
000 -LEADER
fixed length control field 006840000a22001930004500
008 - FIXED-LENGTH DATA ELEMENTS--GENERAL INFORMATION
fixed length control field 081031t xxu||||| |||| 00| 0 eng d
010 ## - LIBRARY OF CONGRESS CONTROL NUMBER
LC control number ENG-84714
020 ## - INTERNATIONAL STANDARD BOOK NUMBER
International Standard Book Number 8126023228
Terms of availability 65.00 (pbk)
035 ## - SYSTEM CONTROL NUMBER
System control number EN-68247
082 ## - DEWEY DECIMAL CLASSIFICATION NUMBER
Classification number 881
100 ## - MAIN ENTRY--PERSONAL NAME
Personal name Gopi, J
245 ## - TITLE STATEMENT
Title I will not let time sleep /
Statement of responsibility, etc by N Gopi; translated by J Bhagyalakshmi
260 ## - PUBLICATION, DISTRIBUTION, ETC. (IMPRINT)
Place of publication, distribution, etc New Delhi
Name of publisher, distributor, etc Sahitya Akademi
Date of publication, distribution, etc 2006
260 ## - PUBLICATION, DISTRIBUTION, ETC. (IMPRINT)
Place of publication, distribution, etc Rabindra Bhawan, 35, Firozshah Road, New Delhi-110001
300 ## - PHYSICAL DESCRIPTION
Extent 83p
Dimensions 22cm
700 ## - ADDED ENTRY--PERSONAL NAME
Personal name Bhagyalakshmi, J
Titles and other words associated with a name tr
942 ## - ADDED ENTRY ELEMENTS (KOHA)
Source of classification or shelving scheme Dewey Decimal Classification
Koha item type English Books
Classification part 881
Call number suffix GOP
Holdings
Withdrawn status Lost status Source of classification or shelving scheme Damaged status Not for loan Home library Current library Date acquired Cost, normal purchase price Total Checkouts Full call number Barcode Date last seen Cost, replacement price Price effective from Koha item type
    Dewey Decimal Classification   Not For Loan D.B.Act.Division D.B.Act.Division 26/03/2007 65.00   881 GOP EN-68247 04/11/2008 65.00 04/11/2008 English Books

© Delhi Public Library
Hit Counter
free hit counter